000 00331nam a22001457a 4500
008 210527b ||||| |||| 00| 0 eng d
020 _a0891811648
041 _aeng
080 _a37
082 _a37
100 _a46
101 _aEDU
245 _aContinuing Education Course Note Series
_cDeltaic S. Bodies
942 _2udc
_cBK
999 _c57708
_d57708